Исследование интенсификации медикаментозного растворения конкрементов путем ультразвукового воздействия; Неразрушающий контроль: электронное приборостроение, технологии, безопасность; Т. 1

Bibliografiske detaljer
Parent link:Неразрушающий контроль: электронное приборостроение, технологии, безопасность: сборник трудов IV Всероссийской научно-практической конференции студентов, аспирантов и молодых учёных, Томск, 26-30 мая 2014 г./ Национальный исследовательский Томский политехнический университет (ТПУ).— , 2014
Т. 1.— 2014.— [С. 404-407]
Hovedforfatter: Штайнбрехер А. А. Анастасия Андреевна
Institution som forfatter: Национальный исследовательский Томский политехнический университет (ТПУ) Институт неразрушающего контроля (ИНК) Кафедра промышленной и медицинской электроники (ПМЭ)
Andre forfattere: Киселева Е. Ю. Екатерина Юрьевна (научный руководитель)
Summary:Заглавие с титульного листа.
Sprog:russisk
Udgivet: 2014
Serier:Электронно-измерительные устройства контроля и диагностики в технике и медицине
Fag:
Online adgang:http://www.lib.tpu.ru/fulltext/c/2014/C36/V1/144.pdf
Format: MixedMaterials Electronisk Book Chapter
KOHA link:https://koha.lib.tpu.ru/cgi-bin/koha/opac-detail.pl?biblionumber=609330

MARC

LEADER 00000naa2a2200000 4500
001 609330
005 20231101132543.0
035 |a (RuTPU)RU\TPU\conf\6777 
035 |a RU\TPU\conf\6776 
090 |a 609330 
100 |a 20141106d2014 k y0rusy50 ca 
101 0 |a rus 
102 |a RU 
105 |a y z 101zy 
135 |a drcn ---uucaa 
181 0 |a i  
182 0 |a b 
200 1 |a Исследование интенсификации медикаментозного растворения конкрементов путем ультразвукового воздействия  |f А. А. Штайнбрехер  |g науч. рук. Е. Ю. Киселева 
203 |a Текст  |c электронный 
215 |a 1 файл (604 Кб) 
225 1 |a Электронно-измерительные устройства контроля и диагностики в технике и медицине 
230 |a Электронные текстовые данные (1 файл : 604 Кб) 
300 |a Заглавие с титульного листа. 
320 |a [Библиогр.: с. 407 (2 назв.)] 
337 |a Adobe Reader 
461 1 |0 (RuTPU)RU\TPU\conf\6241  |t Неразрушающий контроль: электронное приборостроение, технологии, безопасность  |o сборник трудов IV Всероссийской научно-практической конференции студентов, аспирантов и молодых учёных, Томск, 26-30 мая 2014 г.  |o в 2 т.  |f Национальный исследовательский Томский политехнический университет (ТПУ)  |d 2014 
463 1 |0 (RuTPU)RU\TPU\conf\6243  |t Т. 1  |v [С. 404-407]  |d 2014 
610 1 |a труды учёных ТПУ 
610 1 |a электронный ресурс 
610 1 |a ультразвуковое воздействие 
610 1 |a интенсификация 
610 1 |a конкременты 
610 1 |a лечение 
610 1 |a желчные камни 
700 1 |a Штайнбрехер  |b А. А.  |c специалист в области неразрушающего контроля  |c инженер Томского политехнического университета  |g Анастасия Андреевна  |2 stltpush  |3 (RuTPU)RU\TPU\pers\32955 
702 1 |a Киселева  |b Е. Ю.  |c специалист в области медицинской электроники  |c доцент Томского политехнического университета, кандидат технических наук  |f 1983-  |g Екатерина Юрьевна  |2 stltpush  |4 727 
712 0 2 |a Национальный исследовательский Томский политехнический университет (ТПУ)  |b Институт неразрушающего контроля (ИНК)  |b Кафедра промышленной и медицинской электроники (ПМЭ)  |h 64  |2 stltpush  |3 (RuTPU)RU\TPU\col\18719 
801 1 |a RU  |b 63413507  |c 20090623  |g PSBO 
801 2 |a RU  |b 63413507  |c 20141120  |g PSBO 
856 4 |u http://www.lib.tpu.ru/fulltext/c/2014/C36/V1/144.pdf 
942 |c BK